000 01031nam a2200277Ia 4500
003 OSt
005 20221005111140.0
006 a|||||r|||| 00| 0
007 ta
008 221004b |||||||| |||| 00| 0 hin d
020 _a8181431405 (hbk)
_c225
024 _a17697
037 _b518A, 21/03/2015, Vani Prakashan
_cTextual
040 _aCRL
_cCRL
_bhin
041 _2hin
_ahin
082 _aO157,3N26,EA, 152P4
100 _aमहाश्वेता देवी
245 0 _aएक और विभाजन
246 _aEk aur vibhājana
260 _aनई दिल्ली
_bवाणी प्रकाशन भारत
_c2014
300 _a91पृ0
_ccm.
650 _aबंगाली साहित्य
700 _a गुप्ता, सुशील, अनु.
942 _hO157,3N26,EA, 152P4
_cTEXL
_2cc
999 _c1020962
_d1020962